[Event "Gorges - Open B"]
[Site "?"]
[Date "2017.07.08"]
[Round "1"]
[White "BONFILS, Nicolas"]
[Black "PILLE, Edouard"]
[Result "0-1"]
[WhiteElo "1433"]
[BlackElo "1791"]
[PlyCount "90"]
[EventDate "2017.??.??"]

1. c3 d5 2. d4 Nf6 3. Nd2 c5 4. Ngf3 Bf5 5. Ne5 e6 6. e3 Nbd7 7. Qa4 Bd6 8. f4
a6 9. Nxd7 Qxd7 10. Qxd7+ Nxd7 11. Nf3 O-O 12. Be2 Rfc8 13. O-O Bg4 14. h3 Bf5
15. Bd2 b5 16. g4 Be4 17. Ng5 Nf6 18. Be1 h6 19. Nxe4 Nxe4 20. Bd3 f5 21. Bxe4
dxe4 22. Bg3 cxd4 23. exd4 b4 24. Rac1 bxc3 25. Rxc3 Bb4 26. Rb3 Rc4 27. Bf2
Rac8 28. Be3 a5 29. a3 Be7 30. Rb6 Kf7 31. Rb7 Rc2 32. Re1 a4 33. gxf5 exf5 34.
h4 R8c7 35. Rxc7 Rxc7 36. h5 Rc2 37. Rb1 Ke6 38. b4 Rc3 39. Bc1 Kd5 40. Kg2 Bf6
41. b5 Rb3 42. Rxb3 axb3 43. Bb2 Bxd4 44. b6 Bxb6 45. Bxg7 Bd4 0-1

[Event "Gorges - Open B"]
[Site "?"]
[Date "2017.07.08"]
[Round "1"]
[White "LE PEN, Michel"]
[Black "KNEIB, Bernard"]
[Result "1-0"]
[WhiteElo "1734"]
[BlackElo "1422"]
[PlyCount "47"]

1. e4 c5 2. Nf3 e6 3. g3 Nf6 4. d3 Nc6 5. c3 d6 6. Bg2 Be7 7. O-O O-O 8. Ng5 h6
9. Nh3 Bd7 10. f4 Qc8 11. Nf2 b5 12. e5 Ne8 13. Nd2 d5 14. Qh5 f6 15. Nf3 fxe5
16. fxe5 Rf5 17. Qg6 Nxe5 18. Nxe5 Rxe5 19. Bxh6 Qd8 20. Ng4 Rf5 21. Rxf5 exf5
22. Bxd5+ Kh8 23. Qf7 Nf6 24. Qxg7# 1-0

[Event "Gorges - Open B"]
[Site "?"]
[Date "2017.07.08"]
[Round "1"]
[White "MARTINI, Lionel"]
[Black "FLANDRIN, Denis"]
[Result "0-1"]
[WhiteElo "1420"]
[BlackElo "1712"]
[PlyCount "92"]

1. c4 Nf6 2. Nf3 c6 3. Nc3 d6 4. g3 Bg4 5. Bg2 Nbd7 6. O-O Qc7 7. d4 e5 8. d5
Be7 9. Bg5 O-O 10. b4 a6 11. dxc6 bxc6 12. Bxf6 Bxf6 13. Ne4 Be7 14. Rc1 Nf6
15. Nxf6+ Bxf6 16. a4 Qd7 17. c5 d5 18. e4 d4 19. Qd3 Rfb8 20. Rb1 g6 21. Nd2
Be6 22. Nc4 Bxc4 23. Qxc4 Kg7 24. Qd3 Qe6 25. Rfc1 Be7 26. b5 axb5 27. axb5 Ra5
28. f4 Raxb5 29. f5 Qc8 30. Ra1 Rxc5 31. Rxc5 Bxc5 32. Qc4 Bb6 33. Kh1 Qd7 34.
Bf1 gxf5 35. Bh3 Qe6 36. Qf1 c5 37. Bxf5 Qh6 38. Ra6 Qc6 39. g4 c4 40. g5 d3
41. Ra1 Bd4 42. Rd1 Qa6 43. Qh3 Rh8 44. Qf1 c3 45. Ra1 Qc6 46. Qd1 c2 0-1

[Event "Gorges - Open B"]
[Site "?"]
[Date "2017.07.08"]
[Round "1"]
[White "TACHEAU, Joel"]
[Black "TEXIER, Lionel"]
[Result "1-0"]
[WhiteElo "1687"]
[BlackElo "1412"]
[PlyCount "73"]

1. Nf3 Nc6 2. d4 d5 3. c4 dxc4 4. e3 Bg4 5. Bxc4 a6 6. Bxf7+ Kxf7 7. Ng5+ Ke8
8. Qxg4 Nf6 9. Qd1 e5 10. Qb3 Bb4+ 11. Bd2 Bxd2+ 12. Nxd2 Qe7 13. Qxb7 Kd7 14.
Rc1 Qd6 15. Nf7 Rhb8 16. Nxd6 Rxb7 17. Nxb7 exd4 18. Nc5+ Kd6 19. e4 a5 20. f3
Rb8 21. O-O Rxb2 22. Nc4+ Kxc5 23. Nxb2+ Kb5 24. Nd3 Nd7 25. Rf2 Nce5 26. Rb2+
Ka6 27. Nxe5 Nxe5 28. Rxc7 Nd3 29. Rd2 Kb6 30. Rc4 Nf4 31. Rb2+ Ka6 32. Rxd4 g5
33. e5 h5 34. Rxf4 gxf4 35. e6 h4 36. e7 h3 37. e8=Q 1-0

[Event "Gorges - Open B"]
[Site "?"]
[Date "2017.07.13"]
[Round "1"]
[White "LECLERC, Samuel"]
[Black "DE MAUTOR, Antoine"]
[Result "0-1"]
[WhiteElo "1399"]
[BlackElo "1679"]
[PlyCount "31"]

1. e4 e6 2. d4 d5 3. e5 c5 4. c3 Nc6 5. Nf3 Qb6 6. a3 cxd4 7. cxd4 Nh6 8. b4
Nf5 9. Bb2 Bd7 10. g3 Rc8 11. Bh3 a5 12. bxa5 Qxb2 13. Nbd2 Nfxd4 14. Nxd4 Qxd4
15. O-O Nxe5 16. Rb1 0-1

[Event "Gorges - Open B"]
[Site "?"]
[Date "2017.07.13"]
[Round "1"]
[White "FRETEL, Didier"]
[Black "JOUSSET, Jean-Michel"]
[Result "1-0"]
[WhiteElo "1645"]
[BlackElo "1333"]
[PlyCount "87"]

1. d4 d6 2. c4 Nf6 3. Nc3 g6 4. e4 Bg7 5. Nf3 c6 6. Be2 O-O 7. O-O Na6 8. Be3
Ng4 9. Bf4 Nc7 10. Qd2 Ne6 11. Bg3 Qb6 12. h3 Bh6 13. Qd3 Nf6 14. b3 Nf4 15.
Qc2 Qa5 16. Rfe1 Qh5 17. Bxf4 Bxf4 18. Nh2 Qg5 19. Qd3 Nh5 20. Bxh5 Qxh5 21.
Ne2 Bh6 22. Ng3 Qa5 23. Rf1 b5 24. cxb5 cxb5 25. Qf3 Ba6 26. Qg4 b4 27. Rfd1
Rac8 28. Nf5 Bd2 29. Nxe7+ Kg7 30. Rxd2 Rc3 31. Nf5+ Kg8 32. Nxd6 Rxb3 33. Rc1
Ra3 34. Rc5 Qa4 35. e5 b3 36. axb3 Qxb3 37. Rc1 Qb4 38. Rdc2 Bd3 39. Rc8 Qd2
40. Rxf8+ Kxf8 41. Rc8+ Kg7 42. Ne8+ Kh8 43. Nf6+ Kg7 44. Rg8+ 1-0

[Event "Gorges - Open B"]
[Site "?"]
[Date "2017.07.08"]
[Round "1"]
[White "BRANCARD, Yannick"]
[Black "RINEAU, Nathan"]
[Result "0-1"]
[WhiteElo "1330"]
[BlackElo "1607"]
[PlyCount "92"]

1. b3 f5 2. Bb2 e6 3. e3 Nf6 4. Ne2 d5 5. d3 Bd6 6. g3 O-O 7. Bg2 Qe8 8. O-O c6
9. Nd2 e5 10. e4 fxe4 11. dxe4 Qh5 12. f3 Bh3 13. Qe1 Bxg2 14. Kxg2 Nbd7 15. h3
dxe4 16. fxe4 Qg6 17. Nc3 Nh5 18. Nf3 Rf7 19. Nh4 Qe6 20. Rxf7 Qxf7 21. Nf5 Bc7
22. Qe2 Nhf6 23. Rf1 Qe6 24. g4 Ba5 25. Qe3 Bxc3 26. Bxc3 Nf8 27. Qg5 Ng6 28.
Nh6+ gxh6 29. Qxf6 Qxf6 30. Rxf6 Nf4+ 31. Kh2 Ng6 32. Rf5 Re8 33. h4 Nxh4 34.
Rh5 Nf3+ 35. Kg3 Ng5 36. Kh4 Kg7 37. Kg3 Nxe4+ 38. Kh4 Nxc3 39. a4 e4 40. Rf5
e3 41. Rf1 e2 42. Re1 Nd5 43. c4 Nb4 44. Kg3 Nc2 45. Kf2 Nxe1 46. Kxe1 Kg6 0-1

[Event "Gorges - Open B"]
[Site "?"]
[Date "2017.07.08"]
[Round "1"]
[White "LE BAUT, Daniel"]
[Black "GRIMAULT, Léane"]
[Result "1-0"]
[WhiteElo "1574"]
[BlackElo "1317"]
[PlyCount "109"]

1. e4 d5 2. exd5 Qxd5 3. Nc3 Qa5 4. d4 Nf6 5. Nf3 Bf5 6. Bd2 e6 7. Bc4 c6 8.
O-O Nbd7 9. a3 Be7 10. b4 Qc7 11. Re1 O-O 12. Ne2 b5 13. Bb3 Ne4 14. Bf4 Bd6
15. Bxd6 Qxd6 16. Ng3 Nxg3 17. hxg3 h6 18. Ne5 Nxe5 19. Rxe5 Rfd8 20. c3 a5 21.
Qe1 axb4 22. axb4 Rxa1 23. Qxa1 Qe7 24. Qa6 Rc8 25. Qxc8+ Kh7 26. Qxc6 Qa7 27.
Rxf5 exf5 28. Qxb5 Qa3 29. Qc4 Qc1+ 30. Kh2 Qg5 31. Qxf7 Qd2 32. Qxf5+ Kh8 33.
Bc2 Kg8 34. Qd3 Qxf2 35. Qh7+ Kf8 36. Qf5+ Qxf5 37. Bxf5 Ke7 38. c4 Kd6 39. Kh3
Kc6 40. Kh4 Kd6 41. Kh5 g5 42. Kxh6 Kc6 43. Kxg5 Kd6 44. Kf6 Kc6 45. g4 Kd6 46.
g5 Kc6 47. g6 Kd6 48. g7 Kc6 49. g8=Q Kd6 50. c5+ Kc6 51. Qc4 Kb7 52. Ke7 Kc7
53. d5 Kb7 54. Qb5+ Kc7 55. d6# 1-0

[Event "Gorges - Open B"]
[Site "?"]
[Date "2017.07.08"]
[Round "1"]
[White "DELALANDE, François"]
[Black "CZMIL-MICHARD, Paul"]
[Result "0-1"]
[WhiteElo "1308"]
[BlackElo "1550"]
[PlyCount "88"]

1. d4 Nf6 2. c4 e6 3. Nf3 d5 4. c5 b6 5. b4 a5 6. Ba3 axb4 7. Bxb4 Nc6 8. Ba3
bxc5 9. e3 Ba6 10. Bxa6 Rxa6 11. Bxc5 Bxc5 12. dxc5 O-O 13. O-O Qe7 14. Qc2
Rfa8 15. Nbd2 Nd7 16. Nb3 Nb4 17. Qb2 Nxc5 18. Nfd4 Nxb3 19. axb3 Rxa1 20. Rxa1
Rxa1+ 21. Qxa1 h6 22. Qa8+ Qf8 23. Qxf8+ Kxf8 24. g3 Ke7 25. Kg2 Kd6 26. Ne2
Kc5 27. Kf3 Nd3 28. Nd4 c6 29. Ke2 Nb4 30. Kd2 e5 31. Nc2 Nxc2 32. Kxc2 Kb4 33.
f4 f6 34. h4 d4 35. Kd3 dxe3 36. fxe5 fxe5 37. Kxe3 Kxb3 38. Ke4 c5 39. Kf5 c4
40. Kg6 c3 41. Kxg7 c2 42. Kxh6 c1=Q+ 43. Kh5 Qd1+ 44. g4 Kc4 0-1

[Event "Gorges - Open B"]
[Site "?"]
[Date "2017.07.08"]
[Round "1"]
[White "LACHTAR, Socrate"]
[Black "VERHILLE, Gabin"]
[Result "0-1"]
[WhiteElo "1528"]
[BlackElo "1306"]
[PlyCount "83"]

1. d4 d5 2. Nf3 Nf6 3. Nc3 e6 4. a3 Be7 5. Bg5 O-O 6. e3 b6 7. Bd3 c5 8. O-O
Nc6 9. dxc5 bxc5 10. Bb5 Bd7 11. Bxc6 Bxc6 12. Ne5 Bb7 13. Bxf6 Bxf6 14. Nf3
Rb8 15. Qd2 Bc6 16. Rab1 d4 17. exd4 cxd4 18. Ne2 Bxf3 19. gxf3 e5 20. Ng3 Qd5
21. b4 Qxf3 22. c4 dxc3 23. Qc2 Rfe8 24. Rfe1 Bg5 25. Re4 Bd2 26. Rd1 Rbc8 27.
Rxd2 cxd2 28. Qxd2 Red8 29. Qe3 Rd1+ 30. Nf1 Qxe3 31. Rxe3 Rcc1 32. Kg2 Rxf1
33. Rxe5 f6 34. Re8+ Kf7 35. Ra8 Rg1+ 36. Kf3 Rc3+ 37. Ke2 Rxa3 38. Rd8 Rb1 39.
Rd7+ Ke6 40. Rb7 Rb2+ 41. Kf1 a5 42. b5 0-1

[Event "Gorges - Open B"]
[Site "?"]
[Date "2017.07.08"]
[Round "1"]
[White "LAUDEN, Pierre"]
[Black "DELAFENETRE, Franck"]
[Result "0-1"]
[WhiteElo "1291"]
[BlackElo "1527"]
[PlyCount "100"]

1. e4 c5 2. Nf3 d6 3. Bc4 Nf6 4. d3 g6 5. O-O Bg7 6. Nc3 Nc6 7. a3 O-O 8. Ng5
Bd7 9. Ne2 a6 10. Rb1 b5 11. Ba2 a5 12. c3 b4 13. a4 Rb8 14. Bd2 Qb6 15. b3
Rfc8 16. c4 Bg4 17. f3 Bd7 18. Be3 h6 19. Ng3 hxg5 20. Bxg5 Nh7 21. Be3 Bd4 22.
Qd2 Qd8 23. f4 f6 24. Kh1 Bxe3 25. Qxe3 Qf8 26. Rb2 Qh6 27. Rbf2 Nd4 28. Ne2
Nxe2 29. Qxe2 Kf7 30. e5 f5 31. Qd2 Rh8 32. d4 Ng5 33. g3 Ne4 34. Qd3 Nxf2+ 35.
Rxf2 Bc6+ 36. d5 Bb7 37. e6+ Kg7 38. Bb1 Qh3 39. Qf3 Rbf8 40. Bd3 Rf6 41. Bf1
Qg4 42. Qe3 Qd1 43. Qe2 Bxd5+ 44. cxd5 Qxd5+ 45. Kg1 Rxe6 46. Qb5 Qd4 47. Bc4
Re1+ 48. Kg2 Rxh2+ 49. Kxh2 Qxf2+ 50. Kh3 Rh1# 0-1

[Event "Gorges - Open B"]
[Site "?"]
[Date "2017.07.08"]
[Round "1"]
[White "KERVADEC, Jean"]
[Black "AUPERIN, Hélène"]
[Result "1-0"]
[WhiteElo "1521"]
[BlackElo "1246"]
[PlyCount "59"]

1. Nf3 Nf6 2. g3 g6 3. Bg2 Bg7 4. O-O d6 5. d4 O-O 6. c4 Nbd7 7. Nc3 h6 8. e4
Re8 9. e5 dxe5 10. dxe5 Nh7 11. Re1 Ndf8 12. Bf4 Bf5 13. Nd4 Ne6 14. Nxf5 Nxf4
15. Bxb7 Rb8 16. Nxg7 Kxg7 17. Bc6 Nd3 18. Re2 Rf8 19. b3 Ng5 20. Rd2 Qd4 21.
Rxd3 Nh3+ 22. Kg2 Qxf2+ 23. Kxh3 g5 24. Qf3 Qc5 25. Kg2 Qxe5 26. Re3 Qd6 27.
Rd1 Qg6 28. Rxe7 g4 29. Qe4 Qh5 30. Qe5+ 1-0

[Event "Gorges - Open B"]
[Site "?"]
[Date "2017.07.08"]
[Round "?"]
[White "KOLENDOWICZ, Udo"]
[Black "BOURDEAUX, Angele"]
[Result "1-0"]
[WhiteElo "1235"]
[BlackElo "1516"]
[PlyCount "71"]

1. e4 d6 2. d4 Nf6 3. Nc3 g6 4. Bg5 Bg7 5. Qd2 c6 6. Bd3 b5 7. Nce2 a6 8. f3 c5
9. c3 Nc6 10. Rc1 Bb7 11. a3 Rc8 12. Nh3 O-O 13. Nf2 Rc7 14. Ng4 Nxg4 15. fxg4
cxd4 16. cxd4 Nxd4 17. Nxd4 Bxd4 18. Bh6 Re8 19. Rxc7 Qxc7 20. Ke2 Rc8 21. Rf1
d5 22. Bb1 e5 23. Qg5 Qd8 24. Qd2 dxe4 25. Bg5 Qd7 26. Ba2 Qxg4+ 27. Ke1 Rc7
28. h3 Qg3+ 29. Kd1 e3 30. Bxe3 Bxe3 31. Qd8+ Kg7 32. Qxc7 Bf3+ 33. Rxf3 Qxg2
34. Rxf7+ Kh6 35. Rxh7+ Kg5 36. Qxe5# 1-0

[Event "Gorges - Open B"]
[Site "?"]
[Date "2017.07.08"]
[Round "1"]
[White "MOES, Jamy"]
[Black "ENGLISCH, Caroline"]
[Result "1-0"]
[WhiteElo "1509"]
[BlackElo "1211"]
[PlyCount "79"]

1. d4 Nf6 2. Nf3 g6 3. g3 Bg7 4. Bg2 O-O 5. O-O d6 6. c4 a6 7. Nc3 b6 8. b3 c5
9. dxc5 bxc5 10. Bb2 Nbd7 11. Ng5 Rb8 12. Nd5 Bb7 13. Nxf6+ Nxf6 14. Bxb7 Rxb7
15. Rb1 e5 16. Qc2 Nh5 17. Nf3 f5 18. Rbd1 e4 19. Bxg7 Nxg7 20. Nh4 Rd7 21. Ng2
Ne6 22. Qd2 Nd4 23. Kh1 Qf6 24. e3 Nf3 25. Qd5+ Qf7 26. Qc6 Qe7 27. Nf4 a5 28.
Rd5 Ne5 29. Qa6 g5 30. Ng2 Nd3 31. Qxa5 f4 32. gxf4 gxf4 33. Nxf4 Nxf4 34. exf4
Rxf4 35. Rg1+ Kf8 36. Qd2 Qf6 37. Rdg5 Rxf2 38. Rg8+ Ke7 39. R1g7+ Ke6 40. Qd5#
1-0

[Event "Gorges - Open B"]
[Site "?"]
[Date "2017.07.08"]
[Round "1"]
[White "ENGLISCH, Susanne"]
[Black "CHAMPAGNE, Pascal"]
[Result "1/2-1/2"]
[WhiteElo "1176"]
[BlackElo "1499"]
[PlyCount "69"]

1. d4 g6 2. Nf3 d6 3. g3 Bg7 4. Bg2 c5 5. c4 Nc6 6. Be3 Qb6 7. b3 cxd4 8. Nxd4
Nxd4 9. O-O e5 10. Na3 Qb4 11. Nc2 Qb6 12. f4 Ne7 13. Qd3 O-O 14. b4 Nef5 15.
Bf2 Qc7 16. Rac1 Nxc2 17. Rxc2 Nd4 18. Rcc1 Bf5 19. e4 Bg4 20. Rfe1 b6 21. f5
gxf5 22. Bxd4 exd4 23. exf5 Rae8 24. h3 Bh6 25. hxg4 Be3+ 26. Rxe3 Rxe3 27.
Qxd4 Rfe8 28. Qf4 Re1+ 29. Rxe1 Rxe1+ 30. Kh2 Qe7 31. Qh6 Re2 32. Qf4 Qe5 33.
Qg5+ Qg7 34. Qd8+ Qf8 35. Qg5+ 1/2-1/2

[Event "Gorges - Open B"]
[Site "?"]
[Date "2017.07.08"]
[Round "1"]
[White "MORILLON, Emmanuel"]
[Black "EUGENE, Nathael"]
[Result "1-0"]
[WhiteElo "1499"]
[BlackElo "1042"]
[PlyCount "101"]

1. d4 Nf6 2. Nf3 g6 3. c4 Bg7 4. Nc3 O-O 5. e4 d6 6. Be2 Bd7 7. O-O Nc6 8. a3
Re8 9. b4 e5 10. d5 Nd4 11. h3 a6 12. Be3 b5 13. c5 Nxf3+ 14. Bxf3 dxc5 15.
Bxc5 c6 16. Re1 cxd5 17. Nxd5 Nxd5 18. Qxd5 Be6 19. Qxd8 Raxd8 20. Red1 f5 21.
Bb6 Rd7 22. Rxd7 Bxd7 23. Rd1 fxe4 24. Bxe4 Rb8 25. Bc7 Rc8 26. Rxd7 Bf6 27.
Bb7 Rf8 28. Bxa6 e4 29. Bxb5 Re8 30. Rd1 Rc8 31. Rd7 Re8 32. Be2 e3 33. f3 Ra8
34. Ba5 Bh4 35. g4 Rc8 36. Rc7 Rd8 37. Rc2 Bf2+ 38. Kf1 Rf8 39. b5 Kg7 40. Bb4
Re8 41. a4 Kh6 42. b6 Kg5 43. a5 Kh4 44. a6 Kxh3 45. b7 h5 46. g5 Kg3 47. Bd6+
Kh4 48. b8=Q Rxb8 49. Bxb8 Kxg5 50. Kg2 h4 51. a7 1-0

[Event "Gorges - Open B"]
[Site "?"]
[Date "2017.07.08"]
[Round "1"]
[White "PAQUEREAU, Quentin"]
[Black "JANNEL, Jérome"]
[Result "0-1"]
[WhiteElo "1040"]
[BlackElo "1454"]
[PlyCount "74"]

1. e4 e5 2. Nf3 Nc6 3. Bc4 Nf6 4. Nc3 Be7 5. Ng5 O-O 6. O-O a6 7. d3 b5 8. Bb3
Nd4 9. Be3 c5 10. Nf3 Qc7 11. a4 Bb7 12. Nb1 d5 13. Bxd4 cxd4 14. c3 dxe4 15.
Nfd2 Rad8 16. f3 e3 17. Ne4 Nd5 18. c4 bxc4 19. dxc4 Nf4 20. Re1 Bb4 21. Re2
Qe7 22. Ng3 Rd7 23. a5 Qg5 24. Ra4 Bc5 25. Rc2 d3 26. Rc1 e2+ 27. Kh1 exd1=Q+
28. Rxd1 Bf2 29. Nd2 Bxg3 30. hxg3 Qh5+ 31. Kg1 Ne2+ 32. Kf2 e4 33. f4 Qg6 34.
Kf1 Qxg3 35. c5 Nxf4 36. Nxe4 Qxg2+ 37. Ke1 Qe2# 0-1

[Event "Gorges - Open B"]
[Site "?"]
[Date "2017.07.08"]
[Round "?"]
[White "LEBEDEL, Marc"]
[Black "RAYNOND, Mathis"]
[Result "1-0"]
[WhiteElo "1447"]
[BlackElo "1019"]
[PlyCount "63"]

1. e4 e5 2. Nf3 Nc6 3. d4 exd4 4. Nxd4 Bc5 5. Be3 Qf6 6. c3 Nge7 7. Bc4 O-O 8.
O-O Ne5 9. Be2 d5 10. Nd2 Qd6 11. Nb5 Qc6 12. Bxc5 Qxc5 13. Nb3 Qc6 14. f4 Nc4
15. N3d4 Qe8 16. Bxc4 dxc4 17. Nxc7 Qd8 18. Nxa8 Bd7 19. Nf5 Nxf5 20. exf5 f6
21. Qd5+ Kh8 22. Rad1 Qxa8 23. Qxd7 a6 24. Rfe1 Qa7+ 25. Kh1 Qb8 26. Re7 Rg8
27. Rde1 h6 28. Re8 Qxf4 29. Rxg8+ Kxg8 30. Qe8+ Kh7 31. Qg6+ Kg8 32. Re8# 1-0

[Event "Gorges - Open B"]
[Site "?"]
[Date "2017.07.08"]
[Round "2"]
[White "PILLE, Edouard"]
[Black "KERVADEC, Jean"]
[Result "1-0"]
[WhiteElo "1791"]
[BlackElo "1521"]
[PlyCount "137"]
[EventDate "2017.??.??"]

1. e4 d6 2. d4 Nf6 3. Bd3 g6 4. Nf3 Bg7 5. Bf4 O-O 6. Nbd2 Nc6 7. c3 Nh5 8. Bg5
h6 9. Be3 e5 10. dxe5 dxe5 11. Nc4 Nf4 12. Bxf4 exf4 13. a4 Re8 14. O-O Bg4 15.
Re1 Ne5 16. Be2 Nxf3+ 17. Bxf3 Qxd1 18. Bxd1 Be6 19. Na3 a6 20. Bc2 Be5 21.
Rad1 Rad8 22. Rxd8 Rxd8 23. Rd1 Rxd1+ 24. Bxd1 f5 25. Bc2 Kg7 26. exf5 gxf5 27.
f3 Kf6 28. Kf2 Bd6 29. Nb1 Bc5+ 30. Ke2 Ke5 31. Nd2 b5 32. axb5 axb5 33. Kd3 h5
34. Bb3 Bg1 35. Bxe6 Kxe6 36. h3 Kd5 37. c4+ bxc4+ 38. Nxc4 Bc5 39. Na5 Bb4 40.
Nb7 c5 41. b3 h4 42. Nd8 Ba5 43. Nf7 Ke6 44. Nh6 Kf6 45. Kc4 Kg6 46. Ng8 Bd8
47. Kxc5 Kg7 48. Kd5 Kxg8 49. Ke6 Kf8 50. Kxf5 Kf7 51. Kxf4 Kg6 52. Kg4 Be7 53.
f4 Kf7 54. Kh5 Ke6 55. Kg6 Bb4 56. Kg5 Be1 57. f5+ Kd5 58. f6 Kc6 59. f7 Bb4
60. Kxh4 Kd7 61. Kg5 Ke7 62. Kg6 Kf8 63. h4 Be1 64. h5 Bg3 65. h6 Ke7 66. Kg7
Be5+ 67. Kg8 Bd6 68. f8=Q+ Kd7 69. Qxd6+ 1-0

[Event "Gorges - Open B"]
[Site "?"]
[Date "2017.07.08"]
[Round "2"]
[White "CZMIL-MICHARD, Paul"]
[Black "LE PEN, Michel"]
[Result "0-1"]
[WhiteElo "1550"]
[BlackElo "1734"]
[PlyCount "56"]

1. e4 g6 2. Nf3 Bg7 3. d4 d6 4. h3 Nf6 5. Nc3 O-O 6. Bg5 c6 7. Qd2 b5 8. a3 a5
9. Bh6 Bb7 10. Bxg7 Kxg7 11. Bd3 Na6 12. h4 Nc7 13. O-O-O b4 14. axb4 axb4 15.
Nb1 c5 16. dxc5 dxc5 17. Rde1 Ne6 18. Ne5 Qd4 19. Nf3 Qd7 20. Ne5 Qd4 21. Nf3
Qd7 22. Ne5 Qc7 23. Nc4 Rfd8 24. Qe3 Nf4 25. e5 N6d5 26. Qg3 Nh5 27. Qg4 Ndf4
28. Re3 Nxg2 0-1

[Event "Gorges - Open B"]
[Site "?"]
[Date "2017.07.08"]
[Round "2"]
[White "FLANDRIN, Denis"]
[Black "MOES, Jamy"]
[Result "1/2-1/2"]
[WhiteElo "1712"]
[BlackElo "1509"]
[PlyCount "70"]

1. b3 e6 2. Bb2 d6 3. e3 Nd7 4. d4 Ngf6 5. Nf3 Be7 6. Bd3 c5 7. Nbd2 b6 8. Qe2
Bb7 9. O-O Qc7 10. e4 cxd4 11. Nxd4 e5 12. Nf5 Bf8 13. Kh1 g6 14. Ng3 Bg7 15.
Ba3 O-O 16. Rab1 Nc5 17. Rbc1 Nxd3 18. cxd3 Qd7 19. Rc3 Rfc8 20. Rfc1 Rxc3 21.
Rxc3 d5 22. Qe1 d4 23. Rc2 Rc8 24. Qc1 Bh6 25. Ngf1 Bxd2 26. Nxd2 Rxc2 27. Qxc2
Qc6 28. Qxc6 Bxc6 29. Nc4 Nd7 30. Bd6 f6 31. b4 b5 32. Nd2 f5 33. f3 Kf7 34.
Nb3 Ke6 35. Bc7 Bb7 1/2-1/2

[Event "Gorges - Open B"]
[Site "?"]
[Date "2017.07.08"]
[Round "2"]
[White "DELAFENETRE, Franck"]
[Black "TACHEAU, Joel"]
[Result "1-0"]
[WhiteElo "1527"]
[BlackElo "1687"]
[PlyCount "89"]

1. d4 d5 2. c4 e6 3. Nc3 Nf6 4. cxd5 exd5 5. Bg5 c6 6. Qc2 Be7 7. Nf3 Nbd7 8.
e3 h6 9. Bh4 Bd6 10. Bd3 Qe7 11. a3 Nf8 12. h3 g5 13. Bg3 Bxg3 14. fxg3 Qxe3+
15. Kf1 Qe7 16. Re1 Be6 17. Na4 N6d7 18. b4 Qd6 19. Kf2 b6 20. Qc3 Rg8 21. Rc1
Rc8 22. Rhe1 f6 23. Qc2 Kf7 24. Ba6 Rc7 25. Bd3 Nb8 26. Nb2 h5 27. Bf5 Bd7 28.
Re2 Rg7 29. Rce1 Bxf5 30. Qxf5 Kg8 31. Re8 Rcf7 32. R1e6 Qc7 33. Rxf6 g4 34.
Ne5 Rxf6 35. Qxf6 Nbd7 36. Nxd7 Qxd7 37. Rxf8+ Kh7 38. Qf5+ Qxf5+ 39. Rxf5 Kg6
40. Rf4 gxh3 41. gxh3 Rc7 42. Nd3 Rc8 43. Ne5+ Kg5 44. h4+ Kh6 45. Rf6+ 1-0

[Event "Gorges - Open B"]
[Site "?"]
[Date "2017.07.08"]
[Round "2"]
[White "DE MAUTOR, Antoine"]
[Black "MORILLON, Emmanuel"]
[Result "1-0"]
[WhiteElo "1679"]
[BlackElo "1499"]
[PlyCount "79"]

1. e4 e6 2. d4 d5 3. e5 c5 4. c3 Nc6 5. Nf3 Qb6 6. a3 Bd7 7. b4 c4 8. Be3 a5 9.
Nbd2 axb4 10. axb4 Rxa1 11. Qxa1 Qa7 12. Qb2 b5 13. g3 Be7 14. Bh3 Nh6 15. Bxh6
gxh6 16. Ke2 O-O 17. Ra1 Qb7 18. Qa3 Rb8 19. Nf1 Bc8 20. Ne3 Qb6 21. Ng4 Bg5
22. Bg2 h5 23. Nf6+ Bxf6 24. exf6 Qd8 25. Ne5 Nxe5 26. dxe5 Qc7 27. f4 Bb7 28.
Bf3 Qd8 29. Qc1 d4 30. cxd4 Bxf3+ 31. Kxf3 Qxd4 32. Ra3 Rd8 33. Qe3 Qd5+ 34.
Kf2 Qd2+ 35. Qxd2 Rxd2+ 36. Ke3 Rd8 37. Ra5 Rb8 38. Ra7 Kf8 39. Rc7 Rd8 40. Rb7
1-0

[Event "Gorges - Open B"]
[Site "?"]
[Date "2017.07.08"]
[Round "2"]
[White "JANNEL, Jérome"]
[Black "FRETEL, Didier"]
[Result "1-0"]
[WhiteElo "1454"]
[BlackElo "1645"]
[PlyCount "109"]

1. Nf3 g6 2. d4 Bg7 3. c4 d6 4. e4 b6 5. Nc3 Bb7 6. Bd3 Nd7 7. Be3 c5 8. d5
Ngf6 9. Qd2 Ng4 10. Bf4 Nge5 11. Nxe5 Nxe5 12. Be2 Ba6 13. b3 O-O 14. Rc1 f5
15. Bh6 Bc8 16. O-O fxe4 17. Nxe4 Bf5 18. Bxg7 Kxg7 19. Ng3 Bd7 20. Qc3 Kg8 21.
f4 Ng4 22. f5 Ne5 23. Qc2 Qe8 24. Rf2 b5 25. Rcf1 bxc4 26. bxc4 Rb8 27. Bd3 Ng4
28. fxg6 Rxf2 29. Rxf2 Nxf2 30. gxh7+ Kg7 31. Qc3+ Kf7 32. Kxf2 Qh8 33. Qxh8
Rxh8 34. Ne4 Kg7 35. Ng5 Kf6 36. h4 Be8 37. Ke3 Bf7 38. g4 e6 39. Ne4+ Ke7 40.
Nc3 exd5 41. cxd5 Kf8 42. Be4 Kg7 43. h5 Re8 44. Kf4 Rb8 45. Kg5 Re8 46. h6+
Kh8 47. Bf5 Re5 48. Kf6 Bxd5 49. g5 Bc4 50. g6 Rxf5+ 51. Kxf5 d5 52. Kf6 d4 53.
Ne4 Bd3 54. Ng5 Bxg6 55. Kxg6 1-0

[Event "Gorges - Open B"]
[Site "?"]
[Date "2017.07.08"]
[Round "2"]
[White "RINEAU, Nathan"]
[Black "LEBEDEL, Marc"]
[Result "1-0"]
[WhiteElo "1607"]
[BlackElo "1447"]
[PlyCount "111"]

1. c4 a6 2. g3 e5 3. Nc3 Nf6 4. Bg2 Be7 5. Nf3 Nc6 6. d3 O-O 7. O-O d5 8. cxd5
Nxd5 9. Nxe5 Nxc3 10. Nxc6 Nxd1 11. Nxd8 Rxd8 12. Rxd1 c6 13. b3 Bf6 14. Rb1
Be6 15. Bb2 Bxb2 16. Rxb2 Rd7 17. d4 Rad8 18. Rbd2 f5 19. e3 Bd5 20. Bxd5+ Rxd5
21. f3 c5 22. e4 fxe4 23. fxe4 Rxd4 24. Rxd4 cxd4 25. Kf2 Kf7 26. Ke2 Ke6 27.
Kd3 Ke5 28. Rc1 Rf8 29. Rc5+ Ke6 30. Kxd4 Rf2 31. Rc7 Rxa2 32. Rxb7 Rxh2 33.
Rxg7 Rg2 34. Rxh7 Rxg3 35. Rh6+ Kd7 36. Rxa6 Rxb3 37. Ke5 Rd3 38. Ra7+ Kc6 39.
Kf5 Rf3+ 40. Ke6 Re3 41. e5 Kc5 42. Kf6 Kd5 43. Rd7+ Kc6 44. e6 Rf3+ 45. Ke7
Re3 46. Rd6+ Kc7 47. Rd4 Re1 48. Rc4+ Kb6 49. Kd7 Rd1+ 50. Ke8 Re1 51. e7 Re3
52. Kf7 Rf3+ 53. Ke6 Re3+ 54. Kf6 Rf3+ 55. Ke5 Kb5 56. e8=Q+ 1-0

[Event "Gorges - Open B"]
[Site "?"]
[Date "2017.07.08"]
[Round "2"]
[White "VERHILLE, Gabin"]
[Black "LE BAUT, Daniel"]
[Result "1-0"]
[WhiteElo "1306"]
[BlackElo "1574"]
[PlyCount "57"]

1. e4 d5 2. e5 c5 3. f4 Nc6 4. Nf3 Bg4 5. Be2 e6 6. O-O Nge7 7. Nc3 Nf5 8. h3
Bxf3 9. Bxf3 Be7 10. d3 O-O 11. Bg4 Ncd4 12. Bd2 Nh6 13. Be3 Nxg4 14. Qxg4 Nxc2
15. Rae1 Nxe3 16. Rxe3 h5 17. Qxh5 d4 18. Rg3 dxc3 19. bxc3 f6 20. Rff3 fxe5
21. Rxg7+ Kxg7 22. Rg3+ Bg5 23. Rxg5+ Qxg5 24. Qxg5+ Kf7 25. Qxe5 b6 26. g4
Rfd8 27. d4 cxd4 28. cxd4 Rac8 29. Kg2 1-0

[Event "Gorges - Open B"]
[Site "?"]
[Date "2017.07.08"]
[Round "2"]
[White "CHAMPAGNE, Pascal"]
[Black "KOLENDOWICZ, Udo"]
[Result "1-0"]
[WhiteElo "1499"]
[BlackElo "1235"]
[PlyCount "75"]

1. d4 c5 2. e3 d5 3. c4 Nf6 4. Nc3 Bf5 5. Qf3 e6 6. cxd5 Bg4 7. Qg3 Bd6 8. f4
exd5 9. Nf3 h5 10. h3 Bxf3 11. Qxf3 cxd4 12. Bb5+ Nbd7 13. exd4 Qe7+ 14. Be2
O-O-O 15. Bd2 Kb8 16. O-O Ne4 17. Be1 Rde8 18. Nxd5 Qe6 19. Bc4 Qh6 20. Ne3 f5
21. Nxf5 Qf6 22. Nxd6 Qxd6 23. Rd1 Ref8 24. Qxe4 Nf6 25. Qe5 Qxe5 26. dxe5 Ne4
27. Rd7 Rd8 28. Rxd8+ Rxd8 29. Bb4 Nd2 30. Bxd2 Rxd2 31. e6 Rd8 32. g4 hxg4 33.
hxg4 Kc7 34. g5 a6 35. a4 Rd4 36. b3 g6 37. e7 Kd7 38. Re1 1-0

[Event "Gorges - Open B"]
[Site "?"]
[Date "2017.07.08"]
[Round "2"]
[White "BOURDEAUX, Angele"]
[Black "ENGLISCH, Susanne"]
[Result "1-0"]
[WhiteElo "1516"]
[BlackElo "1176"]
[PlyCount "119"]

1. e4 d6 2. Nf3 Nf6 3. d3 g6 4. g3 Bg7 5. Bg2 O-O 6. O-O c5 7. Re1 Nc6 8. c3 e5
9. Nbd2 b5 10. Nf1 d5 11. Bg5 d4 12. Qc1 Qd6 13. Rd1 Ng4 14. h3 Nf6 15. N3h2
Be6 16. f4 exf4 17. Bxf4 Qd7 18. g4 h5 19. g5 Ne8 20. h4 Bh3 21. Bh1 Be5 22.
Ng3 Ng7 23. Ne2 f5 24. gxf6 Rxf6 25. Bxe5 Nxe5 26. Qg5 Ng4 27. Nxg4 Qxg4+ 28.
Qxg4 Bxg4 29. e5 Rf3 30. Bxf3 Bxf3 31. Re1 Rf8 32. cxd4 Bxe2 33. Rxe2 cxd4 34.
e6 Nf5 35. Rc1 Ne7 36. Rc7 Re8 37. Rxa7 Nd5 38. Rd7 Nf4 39. Re4 Nxe6 40. Rdxd4
Kf7 41. Rd6 Nc5 42. Rxe8 Kxe8 43. Rd5 Ne6 44. Rxb5 Nd4 45. Rc5 Ke7 46. Kf2 Nf5
47. a4 Kd6 48. Rc1 Nd4 49. b4 Nb3 50. Rc3 Nd4 51. Ke3 Nf5+ 52. Kf4 Nxh4 53. b5
Ng2+ 54. Kg5 h4 55. b6 h3 56. b7 Kd5 57. b8=Q Kd4 58. Qb4+ Ke3 59. Qe4+ Kd2 60.
Ra3 1-0